Audits in the public sector
Saved in:
| 主要作者: | |
|---|---|
| 其他作者: | |
| 格式: | 图书 |
| 出版: |
New York :
Woodhead-faulkner,
c1989.
|
| 主题: | |
| 标签: |
添加标签
没有标签, 成为第一个标记此记录!
|
MARC
| LEADER | 00000nam a22000007a 4500 | ||
|---|---|---|---|
| 005 | 20251001093305.0 | ||
| 020 | |a 0859414159 |c TZS 4,500/= | ||
| 040 | |a MCCL |b eng. |e AACR 2nd rev. ed. | ||
| 082 | |a 657.8350458 BUT | ||
| 100 | |a Buttery, Roger | ||
| 245 | |a Audits in the public sector |c / Roger Buttery and Robert K. Simpson | ||
| 260 | |a New York : |b Woodhead-faulkner, |c c1989. | ||
| 300 | |a xi, 297 p. : |c 22 cm. |b Ill.; | ||
| 504 | |a Includes index | ||
| 546 | |a eng. | ||
| 650 | |a Auditing-public sector | ||
| 650 | |a Public accounting | ||
| 650 | |a Finance | ||
| 700 | |a Robert, Simpson K. | ||
| 942 | |c BK | ||
| 999 | |c 11471 |d 11471 | ||